| 000 | 02094nam a22002177a 4500 | ||
|---|---|---|---|
| 003 | OSt | ||
| 005 | 20260406091557.0 | ||
| 008 | 260406b |||||||| |||| 00| 0 esp d | ||
| 082 | _29586771199 | ||
| 100 | _aZamora Editores | ||
| 245 | _aBiblioteca Práctica de Consulta del Nuevo Milenio: Matemáticas y Geometría | ||
| 250 | _avolumen 5 | ||
| 260 |
_a Bogotá, Colombia _bZamora Editores Ltda.. _c2000-2001 |
||
| 300 |
_a 21 x 14 cm _c252 páginas. |
||
| 490 | _3Cartulina rústica de alto gramaje con acabado plastificado brillante | ||
| 520 | _aEl Volumen 5 de la Biblioteca Práctica de Consulta del Nuevo Milenio (ISBN 9586771199) es un manual académico enfocado exclusivamente en las ciencias exactas, estructurado en dos grandes bloques: 1. Matemáticas (Aritmética y Álgebra) Este bloque sirve como guía de resolución de problemas y desarrollo del pensamiento lógico: Aritmética: Repasa los sistemas numéricos, operaciones fundamentales (suma, resta, multiplicación, división) y proporcionalidad (razones y proporciones). Álgebra: Introduce el lenguaje simbólico, resolución de ecuaciones de primer y segundo grado, factorización y funciones básicas. Enfoque: Se centra en la ejercitación, presentando métodos paso a paso para resolver operaciones matemáticas comunes en el nivel secundaria. 2. Geometría (Plana y del Espacio) Esta sección se dedica al estudio de las formas y sus medidas: Geometría Plana: Estudio de puntos, líneas, ángulos, polígonos y el círculo. Incluye el cálculo de perímetros y áreas. Geometría del Espacio: Análisis de cuerpos sólidos como poliedros, prismas, pirámides, conos y esferas, con sus respectivas fórmulas de volumen. Teoremas: Explicación visual y teórica de principios fundamentales como el Teorema de Pitágoras. | ||
| 650 |
_a Matemáticas. Geometría. _xProblemas, ejercicios, etc. / Estudio y enseñanza (Secundaria). _yiglo XXI (o finales del Siglo XX |
||
| 651 | _xGeometría plana / Geometría del espacio / Problemas, ejercicios, etc. | ||
| 700 | _aZamora Editores | ||
| 942 |
_2ddc _cBKA _n0 |
||
| 999 |
_c2041 _d2041 |
||